Pre-consultation on the draft UK marine policy statement (Record no. 110699)

MARC details
000 -LEADER
fixed length control field 00988cad a22002295a 4500
001 - CONTROL NUMBER
control field L150024
008 - FIXED-LENGTH DATA ELEMENTS--GENERAL INFORMATION
fixed length control field 100525s2010 xxkb f f000 0 eng d
035 ## - SYSTEM CONTROL NUMBER
System control number (Sirsi) u150024
041 0# - LANGUAGE CODE
Language code of text/sound track or separate title eng
050 04 - LIBRARY OF CONGRESS CALL NUMBER
Classification number 627.4 $2 18
110 2# - MAIN ENTRY--CORPORATE NAME
Corporate name or jurisdiction name as entry element United Kingdom
Subordinate unit Department for Environment, Food and Rural Affairs
245 00 - TITLE STATEMENT
Title Pre-consultation on the draft UK marine policy statement
Remainder of title a paper for discussion
Medium [electronic resource]
260 ## - PUBLICATION, DISTRIBUTION, ETC.
Place of publication, distribution, etc. London
Name of publisher, distributor, etc. DEFRA
Date of publication, distribution, etc. 2010
520 ## - SUMMARY, ETC.
Summary, etc. Seeks views on a draft UK Marine Policy Statement, which seeks to achieve sustainable development of the UK Marine Area.
520 ## - SUMMARY, ETC.
Summary, etc. Deadline for responses is 7 May 2010.
521 ## - TARGET AUDIENCE NOTE
Target audience note Advanced
590 ## - LOCAL NOTE (RLIN)
Local note KA
651 #4 - SUBJECT ADDED ENTRY--GEOGRAPHIC NAME
Geographic name United Kingdom
Chronological subdivision
690 ## - LOCAL SUBJECT ADDED ENTRY--TOPICAL TERM (OCLC, RLIN)
Topical term or geographic name as entry element PROPERTY-RURAL AND NATURAL ASSETS-MARINE RESOURCES-MARINE RESOURCE MANAGEMENT
856 40 - ELECTRONIC LOCATION AND ACCESS
Uniform Resource Identifier <a href="https://www.defra.gov.uk/environment/marine/documents/legislation/mps-discussion.pdf">https://www.defra.gov.uk/environment/marine/documents/legislation/mps-discussion.pdf</a>
Public note View the consultation free of charge at www.defra.gov.uk
942 ## - ADDED ENTRY ELEMENTS (KOHA)
Suppress in OPAC 0
Holdings
Withdrawn status Lost status Source of classification or shelving scheme Damaged status Not for loan Home library Current library Shelving location Date acquired Total Checkouts Full call number Barcode Date last seen Copy number Price effective from Koha item type
    Dewey Decimal Classification     Virtual Virtual Online 25/05/2010   ONLINE PUBLICATION 150024-2001 06/08/2019 1 06/08/2019 Book